000 01297nab a22002657a 4500
999 _c5528
_d5528
003 OSt
005 20251215114011.0
008 190604e xxu||||| |||| 00| 0 spa d
040 _cPJ
100 _96509
_aValazza, Renato A.
245 1 0 _aCompensación económica y disolución del matrimonio por muerte. Una propuesta de armonización de las normas contenidas en el Código Civil y Comercial /
_cRenato A. Valazza.
260 _aCiudad Autónoma de Buenos Aires :
_bThomson Reuters La Ley,
_c2025.
300 _ap. 207-
500 _aCita Online: TR LALEY AR/DOC/1388/2025.
505 _aSumario: I. Introducción.— II. El fundamento de la compensación económica.— III. La compensación económica en caso de disolución del vínculo matrimonial por muerte.— IV. Conclusiones.
505 _t¿Te interesa el texto completo? Solicitalo al correo: koha@justierradelfuego.gov.ar
650 0 _91497
_aCODIGO CIVIL Y COMERCIAL
650 0 _9967
_aDERECHO DE FAMILIA
650 0 _95830
_aCOMPENSACIÓN ECONÓMICA
650 0 _9962
_aMATRIMONIO
650 0 _95369
_aCÓNYUGE
650 0 _9962
_aMATRIMONIO
773 0 _02714
_93171
_dCiudad Autónoma de Buenos Aires : Thomson Reuters La Ley, 2014-
_tRevista anales de legislación argentina. Nº 11- Noviembre 2025.
942 _2udc
_cANA